000 00412nab a2200145Ia 4500
003 ES-SlBCS
005 20210601124915.0
008 140529s1968 xxu||||| |||| 00| 0 eng d
041 _aeng
100 1 _aQuan, Stanislaus
_9151241
245 0 4 _aThe Solution of Zeno's First Paradox
_c Stanislaus Quan
600 0 4 _aZenón-Paradoja
_9151242
773 0 _tMind
_gvol. 77, 1968, págs. 206-221
_wRev1408
942 _cAR
999 _c521475
_d521475